Obras escogidas [de Nikolai Lenin] : 1905-1912 /

Contenido: Dos tácticas de la socialdemocracia en la revolución democrática; Marxismo y revisionismo; Material inflamable en la política mundial; Las enseñanzas de la revolución.

Gespeichert in:
Bibliographische Detailangaben
1. Verfasser: Lenin (autor)
Format: Buch
Sprache:Spanisch
Veröffentlicht: Moscú, Rusia : Progreso, 1976, c1976
Schlagworte:
Tags: Tag hinzufügen
Keine Tags, Fügen Sie das erste Tag hinzu!

MARC

LEADER 00000nam^a2200000^a^4500
001 000037204
005 20250521000000.0
009 20260526114611.737
037 |a Acervo ITESO - Biblioteca 
041 |a ESP 
082 |a 320. 5322  |b LEN V. 3 
100 |a Lenin  |e (autor) 
245 1 0 |a Obras escogidas [de Nikolai Lenin] :  |b 1905-1912 /  |c N. Lenin. 
264 4 |a Moscú, Rusia :  |b Progreso,  |c 1976, c1976 
300 |a X, 517 p. 
336 |a texto  |b txt  |2 rdacontenido 
337 |a sin mediación  |b n  |2 rdamedio 
338 |a volumen  |b nc  |2 rdasoporte 
520 |a Contenido: Dos tácticas de la socialdemocracia en la revolución democrática; Marxismo y revisionismo; Material inflamable en la política mundial; Las enseñanzas de la revolución. 
649 |a XX 
650 |a Leninismo -  |x Tema Principal 
650 |a Marxismo -  |x Teoría 
650 |a Política -  |z Rusia -  |x Historia -  |y URSS, 1922-1991 
650 |a Política -  |x Teoría 
910 |a Fondo General 
920 |a Impresos - Libros 
930 |a Colección General 
905 |a 101 
901 |a 0372040100  |b IT1  |c ACC  |i 037204  |u 20250521 
902 |a https://opac.biblio.iteso.mx/vufind/Record/000037204